[Event "Vesterhav"]
[Site "Esbjerg"]
[Date "1978.??.??"]
[Round "12"]
[White "Rath, Ulrik"]
[Black "Brinck Claussen, Bjorn"]
[Result "1/2-1/2"]
[WhiteElo "2405"]
[BlackElo "2385"]
[PlyCount "122"]
[EventDate "1978.??.??"]
[EventType "tourn"]
[EventRounds "13"]
[EventCountry "DEN"]

1. e4 e5 2. Nc3 Nf6 3. g3 d5 4. exd5 Nxd5 5. Bg2 Nxc3 6. bxc3 Nd7 7. Rb1 c6 8.
Ne2 Bd6 9. O-O O-O 10. d3 Qa5 11. Rb2 Ba3 12. Rb3 Bxc1 13. Nxc1 f5 14. f4 exf4
15. gxf4 Nf6 16. Re1 Qc7 17. Qd2 Bd7 18. Rb1 Rae8 19. Ne2 b6 20. Ng3 Qd6 21. d4
Rxe1+ 22. Rxe1 Qa3 23. Qd3 Qxa2 24. Nxf5 Bxf5 25. Qxf5 c5 26. dxc5 bxc5 27.
Qxc5 Qxc2 28. Bd5+ Nxd5 29. Qxd5+ Kh8 30. Qf7 Qg6+ 31. Qxg6 hxg6 32. Ra1 Rxf4
33. Rxa7 Rc4 34. Ra3 g5 35. Kf2 Rh4 36. Kg2 Kh7 37. Ra2 Rc4 38. Rc2 Kg6 39. Kf3
Kf5 40. Ke3 Ke6 41. Kd3 Rh4 42. Rg2 Kd6 43. Kc2 Kc6 44. Kb3 Kb6 45. c4 Kc6 46.
Kb4 Rh3 47. Re2 g4 48. Re6+ Kd7 49. Rg6 Rxh2 50. Rxg4 Rh5 51. Rxg7+ Kc6 52. Rf7
Rg5 53. Rh7 Rf5 54. Rh6+ Kc7 55. Rh4 Kc6 56. c5 Rf1 57. Rh6+ Kc7 58. Rh7+ Kc6
59. Rh6+ Kc7 60. Kb5 Rb1+ 61. Kc4 Rc1+ 1/2-1/2

[Event "Vesterhav"]
[Site "Esbjerg"]
[Date "1978.??.??"]
[Round "12"]
[White "Rodgaard, John"]
[Black "Westerinen, Heikki"]
[Result "1/2-1/2"]
[WhiteElo "2320"]
[BlackElo "2450"]
[PlyCount "108"]
[EventDate "1978.??.??"]
[EventType "tourn"]
[EventRounds "13"]
[EventCountry "DEN"]

1. d4 Nf6 2. Nf3 g6 3. Bf4 b6 4. e3 Bb7 5. h3 d6 6. Bc4 Bg7 7. O-O O-O 8. Nbd2
Nfd7 9. c3 Nc6 10. Qe2 a6 11. Rad1 e5 12. dxe5 Ncxe5 13. Nxe5 Nxe5 14. Bxe5
dxe5 15. e4 Qe7 16. Nf3 b5 17. Bd5 c6 18. Bb3 a5 19. Qe3 a4 20. Bc2 Bc8 21. Rd2
Be6 22. a3 f6 23. Nh2 Rfc8 24. Ra1 Qf8 25. Qe2 Bh6 26. Rdd1 Bg5 27. Nf1 Qc5 28.
Ne3 Rd8 29. Kh2 Kf7 30. Rxd8 Rxd8 31. Rd1 Rxd1 32. Bxd1 Ke7 33. Bc2 h5 34. Kg1
Bxe3 35. fxe3 h4 36. Kf2 Qc4 37. Qxc4 Bxc4 38. Ke1 Kd6 39. Kf2 Kc5 40. Ke1 Be6
41. Bd3 Bc4 42. Bc2 Kd6 43. Kf2 c5 44. Ke1 Ke6 45. Kf2 Kf7 46. g3 hxg3+ 47.
Kxg3 Bf1 48. h4 c4 49. Bd1 Bd3 50. Bg4 Ke7 51. Kf3 Bc2 52. Bc8 Kd6 53. Ba6 Kc6
54. Bc8 Bd1+ 1/2-1/2

[Event "Vesterhav"]
[Site "Esbjerg"]
[Date "1978.??.??"]
[Round "12"]
[White "Sigurjonsson, Gudmundur"]
[Black "Sloth, Jorn"]
[Result "1/2-1/2"]
[WhiteElo "2500"]
[BlackElo "2390"]
[PlyCount "115"]
[EventDate "1978.??.??"]
[EventType "tourn"]
[EventRounds "13"]
[EventCountry "DEN"]

1. e4 e6 2. d4 d5 3. Nc3 Nf6 4. e5 Nfd7 5. Nf3 c5 6. Bb5 a6 7. Bxd7+ Bxd7 8.
O-O Nc6 9. Bg5 Qc7 10. Re1 cxd4 11. Nxd4 Nxd4 12. Qxd4 Rc8 13. Rad1 Qc4 14. Qe3
h6 15. Qh3 Bb4 16. Re3 Bxc3 17. Rxc3 Qe2 18. Rxc8+ Bxc8 19. Rf1 Qxe5 20. Bd2
O-O 21. Qb3 Qe2 22. Bb4 Re8 23. Re1 Qb5 24. Bd6 Qxb3 25. axb3 Bd7 26. c3 f6 27.
f3 Kf7 28. Kf2 Rd8 29. Bc7 Rc8 30. Bb6 Rc6 31. Be3 h5 32. h4 e5 33. Rd1 Be6 34.
Rd2 Rc8 35. Bb6 Rc6 36. Be3 Rd6 37. Bc5 Rd7 38. Be3 Bf5 39. b4 Ke6 40. Rd1 Bc2
41. Re1 Kd6 42. Re2 Bd3 43. Rd2 Bc4 44. Rd1 Kc6 45. f4 b6 46. Rd2 a5 47. bxa5
bxa5 48. fxe5 fxe5 49. g4 hxg4 50. Kg3 Kb5 51. Kxg4 Rf7 52. Rf2 Rxf2 53. Bxf2
Ka4 54. Bb6 Kb3 55. Bxa5 d4 56. cxd4 exd4 57. Kg5 Be2 58. h5 1/2-1/2

[Event "Vesterhav"]
[Site "Esbjerg"]
[Date "1978.??.??"]
[Round "13"]
[White "Brinck Claussen, Bjorn"]
[Black "Sigurjonsson, Gudmundur"]
[Result "0-1"]
[WhiteElo "2385"]
[BlackElo "2500"]
[PlyCount "70"]
[EventDate "1978.??.??"]
[EventType "tourn"]
[EventRounds "13"]
[EventCountry "DEN"]

1. d4 Nf6 2. c4 e6 3. Nc3 Bb4 4. e3 c5 5. Bd3 d5 6. Nf3 O-O 7. O-O Nc6 8. a3
Bxc3 9. bxc3 Qc7 10. cxd5 exd5 11. a4 Re8 12. Ba3 c4 13. Bc2 Ne4 14. Qe1 Qd8
15. Nd2 Nxc3 16. Bb2 Nxd4 17. Bxh7+ Kxh7 18. Bxc3 Nc2 19. Qb1 Bf5 20. Rc1 Nd4
21. Qxb7 Ne2+ 22. Kh1 Re7 23. Qb2 Nxc1 24. Rxc1 Rb8 25. Qa3 Qc7 26. Ba1 Re6 27.
Nf3 Rh8 28. Qc3 Rg6 29. Ne5 Kg8 30. f4 Rgh6 31. Nf3 f6 32. h3 Be4 33. Rf1 Qd7
34. Kg1 Rg6 35. Qb2 Qxh3 0-1

[Event "Vesterhav"]
[Site "Esbjerg"]
[Date "1978.??.??"]
[Round "13"]
[White "Hoi, Carsten"]
[Black "Ogaard, Leif"]
[Result "0-1"]
[WhiteElo "2340"]
[BlackElo "2435"]
[PlyCount "58"]
[EventDate "1978.??.??"]
[EventType "tourn"]
[EventRounds "13"]
[EventCountry "DEN"]

1. d4 Nf6 2. c4 g6 3. Nc3 d5 4. Bg5 Ne4 5. Bh4 c5 6. cxd5 Nxc3 7. bxc3 Qxd5 8.
e3 cxd4 9. cxd4 Nc6 10. Nf3 e5 11. Be2 exd4 12. Bf6 Bb4+ 13. Kf1 O-O 14. Nxd4
Bc3 15. Rc1 Bxd4 16. exd4 Qf5 17. Bh4 Qf4 18. g4 Be6 19. Rg1 Nxd4 20. Bg3 Qf6
21. Bd6 Rfd8 22. Bg3 Nb3 23. axb3 Rxd1+ 24. Rxd1 Bxb3 25. Rd7 Re8 26. Bb5 Qb6
27. Bd3 Qc6 28. Rd6 Qf3 29. Bb5 Rc8 0-1

[Event "Vesterhav"]
[Site "Esbjerg"]
[Date "1978.??.??"]
[Round "13"]
[White "Mestel, A Jonathan"]
[Black "Rath, Ulrik"]
[Result "1-0"]
[WhiteElo "2450"]
[BlackElo "2405"]
[PlyCount "121"]
[EventDate "1978.??.??"]
[EventType "tourn"]
[EventRounds "13"]
[EventCountry "DEN"]

1. e4 e5 2. Bc4 Nf6 3. d3 Nc6 4. Nc3 Bb4 5. Bg5 h6 6. Bh4 Bxc3+ 7. bxc3 Na5 8.
Bb3 Nxb3 9. axb3 d5 10. Bxf6 gxf6 11. Qf3 Be6 12. Ne2 h5 13. h3 h4 14. Qe3 a6
15. O-O dxe4 16. dxe4 Qd6 17. Rad1 Qb6 18. Qxb6 cxb6 19. c4 Ke7 20. Nc3 Rac8
21. f4 exf4 22. Nd5+ Bxd5 23. exd5 b5 24. Rxf4 bxc4 25. bxc4 Rh6 26. d6+ Kd7
27. Re4 Re8 28. Rxe8 Kxe8 29. Rb1 Kd7 30. Rb6 Rh5 31. Rxb7+ Kxd6 32. Rb6+ Ke7
33. Rxa6 Rc5 34. Ra4 f5 35. Kf2 f4 36. Rb4 Kf6 37. c3 Kg6 38. Kf3 Rg5 39. Kxf4
Rxg2 40. c5 Kf6 41. c6 Ke7 42. Rc4 Kd8 43. Ke5 Rg3 44. Rxh4 Rxc3 45. Rh6 Kc7
46. h4 Re3+ 47. Kf4 Re1 48. Rf6 Rh1 49. Kg5 Rg1+ 50. Kh6 Rh1 51. h5 Rh2 52. Rf5
Kxc6 53. Kg7 Kd7 54. h6 Rg2+ 55. Kxf7 Rh2 56. Rf6 Rh1 57. Rg6 Rf1+ 58. Kg7 Ke7
59. h7 Rf7+ 60. Kh6 Rf8 61. Rg8 1-0

[Event "Vesterhav"]
[Site "Esbjerg"]
[Date "1978.??.??"]
[Round "13"]
[White "Fries Nielsen, Jens Ove"]
[Black "Kristiansen, Jens"]
[Result "1-0"]
[WhiteElo "2260"]
[BlackElo "2395"]
[PlyCount "113"]
[EventDate "1978.??.??"]
[EventType "tourn"]
[EventRounds "13"]
[EventCountry "DEN"]

1. d4 Nf6 2. Nf3 g6 3. c3 Bg7 4. Bg5 O-O 5. Nbd2 d5 6. e3 b6 7. Bd3 Bb7 8. O-O
Ne4 9. Bf4 e6 10. Qc2 f5 11. Be5 Nd7 12. Bxg7 Kxg7 13. a4 a5 14. b4 c5 15. bxc5
bxc5 16. Rfb1 Qc7 17. c4 Rab8 18. cxd5 exd5 19. dxc5 Ndxc5 20. Nd4 Qe7 21. Bxe4
Nxe4 22. Rb6 Rf6 23. Rab1 Rxb6 24. Rxb6 Nxd2 25. Qxd2 Kg8 26. Qxa5 Rc8 27. Qd2
Qc5 28. Rb1 Ba6 29. g3 Qa3 30. Qb4 Rc1+ 31. Kg2 Bf1+ 32. Kf3 Qxb4 33. Rxb4 Rc4
34. Rb8+ Kf7 35. Rb7+ Kf6 36. Rb6+ Kf7 37. a5 Ra4 38. Rb7+ Kf6 39. Ra7 h6 40.
h4 Ra2 41. Rb7 Bd3 42. Rb6+ Kg7 43. Kf4 Rxa5 44. Ke5 Ra7 45. Ne6+ Kf7 46. Nf4
Re7+ 47. Kd4 Bc4 48. Nxg6 Re4+ 49. Kc5 Ba2 50. Nf4 Rc4+ 51. Kd6 Rc2 52. Ke5
Rxf2 53. Rb7+ Ke8 54. Ne6 d4 55. Nxd4 Bc4 56. Nxf5 Kf8 57. Rb8+ 1-0

[Event "Vesterhav"]
[Site "Esbjerg"]
[Date "1978.??.??"]
[Round "13"]
[White "Schneider, Lars Ake"]
[Black "Rodgaard, John"]
[Result "0-1"]
[WhiteElo "2430"]
[BlackElo "2320"]
[PlyCount "81"]
[EventDate "1978.??.??"]
[EventType "tourn"]
[EventRounds "13"]
[EventCountry "DEN"]

1. e4 e6 2. d4 d5 3. Nd2 Nf6 4. e5 Nfd7 5. c3 c5 6. f4 Nc6 7. Ndf3 Qa5 8. Be3
Qb6 9. Qb3 Qxb3 10. axb3 f6 11. Bb5 a6 12. Ne2 Rb8 13. Bd3 cxd4 14. Bxd4 Be7
15. Kd2 Nc5 16. Bxc5 Bxc5 17. b4 Bb6 18. Ned4 Nxd4 19. Nxd4 fxe5 20. fxe5 Bd7
21. Rhf1 Ke7 22. Rf4 Bc7 23. Nf3 h6 24. h4 g5 25. hxg5 hxg5 26. Nxg5 Rbg8 27.
Nh3 Rxg2+ 28. Rf2 Rxf2+ 29. Nxf2 Rh2 30. Ke2 Bxe5 31. Rg1 Be8 32. Rg8 Bf6 33.
Ke3 Rh8 34. Rxh8 Bxh8 35. Nh3 Kd6 36. Nf4 Bf6 37. Be2 Bg5 38. Kf3 e5 39. Nh3
Bc1 40. b3 Bd2 41. c4 0-1

[Event "Vesterhav"]
[Site "Esbjerg"]
[Date "1978.??.??"]
[Round "13"]
[White "Sloth, Jorn"]
[Black "Forintos, Gyozo"]
[Result "1/2-1/2"]
[WhiteElo "2390"]
[BlackElo "2435"]
[PlyCount "53"]
[EventDate "1978.??.??"]
[EventType "tourn"]
[EventRounds "13"]
[EventCountry "DEN"]

1. c4 c5 2. b3 Nc6 3. Bb2 d6 4. g3 e5 5. Bg2 g6 6. Nc3 Bg7 7. e3 Nge7 8. Nge2
O-O 9. O-O Bg4 10. d3 Qd7 11. Nd5 Nxd5 12. cxd5 Ne7 13. e4 Bh6 14. f3 Bh3 15.
Bxh3 Qxh3 16. f4 f6 17. Rf3 g5 18. f5 g4 19. Rf1 Kh8 20. Kh1 Rf7 21. Nc3 Ng8
22. Qe2 Rg7 23. Nd1 Qh5 24. Nf2 Qg5 25. Bc1 Qh5 26. Bb2 Qg5 27. Bc1 1/2-1/2